000 00759nab a2200193 4500
001 244442
003 OSt
005 20250515083051.0
007 tu
008 200917s2020|||||||
040 _aDE-2950
_cDE-2950
245 0 0 _aKriegsende 1945, Ende des Krieges 2025?
_bInterview. Das BSW erinnert am 10. Mai im Rathaus an das Weltkriegsende vor 80 Jahren mit sehr aktuellen Bezügen zur Gegenwart. Mitorganisator Reinhard Zarneckow, 82 Jahre alt, setzt sich aus sehr persönlichen Gründen für das Thema ein/
_cDietrich Schröder
264 _c2024
653 _aFrankfurt (Oder)
653 _aKriegsende
653 _aReinhard Zarneckow
773 0 _g36. Jahrgang (2025) Nr. 105 vom 07..05.2025, S. 16, mit Fotos
_tMärkische Oderzeitung
942 _2z
_cA
999 _c373765
_d373765